Islam and Democracy. (Record no. 542175)

000 -LEADER
fixed length control field 00521nam a2200181 a 4500
020 ## - INTERNATIONAL STANDARD BOOK NUMBER
International Standard Book Number (pbk)
082 ## - DEWEY DECIMAL CLASSIFICATION NUMBER
Classification number 297
Author Mark SID
100 1# - MAIN ENTRY--PERSONAL NAME
Personal name Siddiqi, Muhammad Mazharuddin
9 (RLIN) 37265
245 1# - TITLE STATEMENT
Title Islam and Democracy.
250 ## - EDITION STATEMENT
Edition statement 2nd ed.
260 ## - PUBLICATION, DISTRIBUTION, ETC.
Place of publication, distribution, etc. Islamabad :
Name of publisher, distributor, etc. International Islamic University,
Date of publication, distribution, etc. 1991.
300 ## - PHYSICAL DESCRIPTION
Extent 20p. : 22cm.
526 ## - STUDY PROGRAM INFORMATION NOTE
Program name 0
Interest level 0
Reading level 0
Title point value 297_000000000000000_SID
650 #0 - SUBJECT ADDED ENTRY--TOPICAL TERM
Topical term or geographic name entry element Islam and State.
9 (RLIN) 292
650 #0 - SUBJECT ADDED ENTRY--TOPICAL TERM
Topical term or geographic name entry element MCE
9 (RLIN) 379
710 ## - ADDED ENTRY--CORPORATE NAME
Corporate name or jurisdiction name as entry element International Islamic University, Islamabad.
9 (RLIN) 37266
942 ## - ADDED ENTRY ELEMENTS (KOHA)
Source of classification or shelving scheme
Koha item type Book
Holdings
Withdrawn status Lost status Source of classification or shelving scheme Damaged status Not for loan Permanent Location Current Location Date acquired Total Checkouts Full call number Barcode Date last seen Price effective from Koha item type
          Military College of Engineering (MCE) Military College of Engineering (MCE) 09/24/2013   297 SID MCE-44072 09/24/2013 09/24/2013 Book
© 2023 Central Library, National University of Sciences and Technology. All Rights Reserved.